Statistiques concernant Personnages des Enquêtes de Murdoch

Cliquez ici pour prendre le quiz!

Statistiques générales

  • Ce quiz a été pris 18 fois
    (16 depuis la dernière actualisation)
  • Le résultat moyen est 15 sur 36

Statistiques - réponses

Réponse% Correct
Julia Ogden
100%
William Murdoch
100%
George Crabtree
73%
Henry Higgins
64%
Llewelyn Watts
64%
James Pendrick
55%
Thomas Brackenreid
55%
Augustus Jackson
45%
Emily Grace
45%
Freddie Pink
45%
James Gillies
45%
John Brackenreid
45%
Louise Cherry
45%
Margaret Brackenreid
45%
Nina Bloom
45%
Rebecca James
45%
Terrence Meyers
45%
Violet Hart
45%
Allen Clegg
36%
Darcy Garland
36%
Eva Pearce
36%
Roger Newsome
36%
Rupert Newsome
36%
Ruth Newsome
36%
Anna Fulford
27%
Edna Brooks
27%
Leslie Garland
27%
Percival Giles
27%
Ralph Fellows
27%
Roland
27%
Simon Brooks
27%
Arthur Carmichael
18%
Jack Walker
18%
John Hodges
18%
Lillian Moss
18%
Robert Parker
18%

Distribution des résultats

Percentile par nombre de réponses

% des personnes avec chaque résultat

Votre développement - résultats

Vous n’avez pas pris ce quiz depuis la dernière actualisation